000 00723nam a2200265Ia 4500
005 20260302114024.0
008 008 260114s9999 xx 000 0 eng d
020 _a9781350038318
037 _aTextbook
040 _aCRL
040 _beng
040 _cCRL
041 _2eng
041 _aeng
084 _qCRL
100 _aMatteo Farina
_91117524
245 0 _aFacebook and Conversation Analysis The Structure and Organization of Comment Threads
260 _bBloomsbury
260 _bBloomsbury Academic
260 _c2018
650 _aLinguistics
856 _uhttps://dx.doi.org/10.5040/9781350038318?locatt=label:secondary_bloomsburyCollections
942 _cEBOOK
999 _c1681060
_d1681060